Statistiken für Welcher Dartspieler? #2

Klicken Sie hier um das Quiz zu spielen!

Allgemein

  • Dieses Quiz wurde 331 mal gespielt
  • Das Durchschnittsergebnis liegt bei 11 aus 15

Antwortstatistiken

Antwort% Korrekt
Phil Taylor
99%
Michael Smith
98%
Peter Wright
97%
Jonny Clayton
89%
Dave Chisnall
86%
Joe Cullen
84%
Daryl Gurney
80%
Ian White
77%
Glen Durrant
71%
Vincent van der Voort
70%
Steve Beaton
66%
Danny Noppert
63%
Jeffrey De Zwaan
60%
Robert Thornton
56%
Peter Manley
38%

Verteilung der Resultate

Perzentil nach korrekt beantworteten Fragen

Anzahl Personen mit jedem Resultat

Ihre Resultats-Entwicklung

Sie haben dieses Quiz noch nicht gespielt